[Event "DEM U10w 2024"]
[Site "Willingen GER"]
[Date "2024.05.22"]
[Round "7"]
[White "Hendler, Felicitas"]
[Black "Tadic, Lena"]
[Result "1/2-1/2"]
[Termination "normal"]
[Board "6"]
[WhiteElo "1645"]
[BlackElo "980"]
[WhiteClock "00:28:28"]
[BlackClock "01:13:04"]
[PlyCount "40"]
[WhiteFideId "34616519"]
[BlackFideId "34687300"]
[EventCountry "GER"]
[EventRounds "11"]
[EventType "swiss"]
[EventDate "2024.05.18"]

1. e4 {[%clk 01:15:36]} {[%emt 00:00:23]} c6 {[%clk 01:15:43]} {[%emt
00:00:19]} 2. d4 {[%clk 01:14:53]} {[%emt 00:01:12]} d5 {[%clk 01:15:59]}
{[%emt 00:00:14]} 3. exd5 {[%clk 01:14:53]} {[%emt 00:00:30]} cxd5 {[%clk
01:16:21]} {[%emt 00:00:09]} 4. c4 {[%clk 01:13:22]} {[%emt 00:02:00]} Nf6
{[%clk 01:16:02]} {[%emt 00:00:49]} 5. Nc3 {[%clk 01:12:13]} {[%emt 00:01:39]}
Bf5 {[%clk 01:15:49]} {[%emt 00:00:44]} 6. Qb3 {[%clk 01:09:55]} {[%emt
00:02:48]} Qb6 {[%clk 01:13:54]} {[%emt 00:02:25]} 7. Qxb6 {[%clk 01:07:41]}
{[%emt 00:02:44]} axb6 {[%clk 01:14:10]} {[%emt 00:00:14]} 8. Nxd5 {[%clk
01:05:35]} {[%emt 00:02:35]} Nxd5 {[%clk 01:14:32]} {[%emt 00:00:08]} 9. cxd5
{[%clk 01:05:38]} {[%emt 00:00:26]} Be4 {[%clk 01:14:36]} {[%emt 00:00:24]} 10.
Bb5+ {[%clk 00:57:32]} {[%emt 00:08:39]} Nd7 {[%clk 01:14:46]} {[%emt
00:00:20]} 11. Bxd7+ {[%clk 00:57:24]} {[%emt 00:00:37]} Kxd7 {[%clk 01:15:07]}
{[%emt 00:00:11]} 12. Nf3 {[%clk 00:56:43]} {[%emt 00:01:11]} f6 {[%clk
01:13:01]} {[%emt 00:02:35]} 13. Bf4 {[%clk 00:51:54]} {[%emt 00:05:18]} Bxd5
{[%clk 01:13:05]} {[%emt 00:00:28]} 14. O-O {[%clk 00:48:39]} {[%emt 00:03:45]}
Rxa2 {[%clk 01:13:01]} {[%emt 00:00:34]} 15. Rxa2 {[%clk 00:48:48]} {[%emt
00:00:21]} Bxa2 {[%clk 01:13:25]} {[%emt 00:00:06]} 16. Rc1 {[%clk 00:48:21]}
{[%emt 00:00:56]} Ke6 {[%clk 01:13:13]} {[%emt 00:00:42]} 17. Rc7 {[%clk
00:44:32]} {[%emt 00:04:19]} Bd5 {[%clk 01:13:10]} {[%emt 00:00:34]} 18. Nd2
{[%clk 00:35:44]} {[%emt 00:09:17]} Kf5 {[%clk 01:12:43]} {[%emt 00:00:59]} 19.
Bg3 {[%clk 00:34:49]} {[%emt 00:01:23]} e5 {[%clk 01:12:54]} {[%emt 00:00:21]}
20. dxe5 {[%clk 00:28:28]} {[%emt 00:06:51]} fxe5 {[%clk 01:13:04]} {[%emt
00:00:19]} 1/2-1/2

[Event "DEM U10w 2024"]
[Site "Willingen GER"]
[Date "2024.05.22"]
[Round "7"]
[White "Kühn, Nicole"]
[Black "Chen, Yuefan"]
[Result "0-1"]
[Termination "normal"]
[Board "7"]
[WhiteElo "1477"]
[BlackElo "1682"]
[WhiteClock "00:14:57"]
[BlackClock "00:19:30"]
[PlyCount "90"]
[WhiteFideId "34610510"]
[BlackFideId "34653910"]
[EventCountry "GER"]
[EventRounds "11"]
[EventType "swiss"]
[EventDate "2024.05.18"]

1. e4 {[%clk 01:15:26]} {[%emt 00:00:33]} c5 {[%clk 01:15:53]} {[%emt
00:00:08]} 2. Nf3 {[%clk 01:15:06]} {[%emt 00:00:50]} d6 {[%clk 01:16:16]}
{[%emt 00:00:07]} 3. Bb5+ {[%clk 01:14:27]} {[%emt 00:01:09]} Bd7 {[%clk
01:16:28]} {[%emt 00:00:18]} 4. Bxd7+ {[%clk 01:13:58]} {[%emt 00:00:59]} Qxd7
{[%clk 01:16:50]} {[%emt 00:00:08]} 5. c4 {[%clk 01:13:21]} {[%emt 00:01:06]}
Nf6 {[%clk 01:16:39]} {[%emt 00:00:41]} 6. Nc3 {[%clk 01:12:57]} {[%emt
00:00:54]} e6 {[%clk 01:15:33]} {[%emt 00:01:36]} 7. d4 {[%clk 01:11:17]}
{[%emt 00:02:10]} cxd4 {[%clk 01:14:21]} {[%emt 00:01:42]} 8. Nxd4 {[%clk
01:10:40]} {[%emt 00:01:07]} a6 {[%clk 01:13:59]} {[%emt 00:00:53]} 9. Be3
{[%clk 01:08:22]} {[%emt 00:02:47]} Qc7 {[%clk 01:11:10]} {[%emt 00:03:19]} 10.
b3 {[%clk 01:05:21]} {[%emt 00:03:31]} Nbd7 {[%clk 01:10:03]} {[%emt 00:01:37]}
11. h3 {[%clk 01:03:21]} {[%emt 00:02:30]} Be7 {[%clk 01:02:32]} {[%emt
00:08:00]} 12. Qd2 {[%clk 01:01:19]} {[%emt 00:02:32]} Rc8 {[%clk 00:59:55]}
{[%emt 00:03:07]} 13. Rc1 {[%clk 00:59:15]} {[%emt 00:02:34]} Nc5 {[%clk
00:58:31]} {[%emt 00:01:54]} 14. f3 {[%clk 00:57:43]} {[%emt 00:02:03]} Nh5
{[%clk 00:57:02]} {[%emt 00:01:58]} 15. O-O {[%clk 00:53:24]} {[%emt 00:04:49]}
O-O {[%clk 00:50:52]} {[%emt 00:06:40]} 16. Rfd1 {[%clk 00:51:41]} {[%emt
00:02:13]} Bh4 {[%clk 00:41:32]} {[%emt 00:09:50]} 17. Nde2 {[%clk 00:44:39]}
{[%emt 00:07:33]} Rfd8 {[%clk 00:38:21]} {[%emt 00:03:40]} 18. Nf4 {[%clk
00:38:35]} {[%emt 00:06:35]} Nxf4 {[%clk 00:36:58]} {[%emt 00:01:53]} 19. Bxf4
{[%clk 00:38:28]} {[%emt 00:00:36]} Qb6 {[%clk 00:34:35]} {[%emt 00:02:54]} 20.
Kh1 {[%clk 00:35:51]} {[%emt 00:03:08]} Be7 {[%clk 00:27:54]} {[%emt 00:07:11]}
21. Be3 {[%clk 00:32:07]} {[%emt 00:04:14]} Qc6 {[%clk 00:25:23]} {[%emt
00:03:01]} 22. Bg5 {[%clk 00:27:43]} {[%emt 00:04:54]} f6 {[%clk 00:21:34]}
{[%emt 00:04:19]} 23. Be3 {[%clk 00:26:12]} {[%emt 00:02:01]} Qe8 {[%clk
00:20:52]} {[%emt 00:01:11]} 24. Ne2 {[%clk 00:22:29]} {[%emt 00:04:14]} Qf7
{[%clk 00:19:32]} {[%emt 00:01:50]} 25. Nf4 {[%clk 00:20:44]} {[%emt 00:02:15]}
g5 {[%clk 00:16:42]} {[%emt 00:03:20]} 26. Nd3 {[%clk 00:20:09]} {[%emt
00:01:05]} h5 {[%clk 00:15:38]} {[%emt 00:01:34]} 27. Qf2 {[%clk 00:19:39]}
{[%emt 00:01:00]} f5 {[%clk 00:14:06]} {[%emt 00:02:02]} 28. Nxc5 {[%clk
00:19:01]} {[%emt 00:01:08]} dxc5 {[%clk 00:13:40]} {[%emt 00:00:57]} 29. Rxd8+
{[%clk 00:18:56]} {[%emt 00:00:34]} Rxd8 {[%clk 00:13:22]} {[%emt 00:00:48]}
30. Bxc5 {[%clk 00:19:08]} {[%emt 00:00:18]} Bf6 {[%clk 00:11:59]} {[%emt
00:01:53]} 31. Qe2 {[%clk 00:17:46]} {[%emt 00:01:52]} Qc7 {[%clk 00:10:13]}
{[%emt 00:02:16]} 32. Qe3 {[%clk 00:16:18]} {[%emt 00:01:58]} Qd7 {[%clk
00:09:12]} {[%emt 00:01:31]} 33. Re1 {[%clk 00:15:23]} {[%emt 00:01:24]} f4
{[%clk 00:09:12]} {[%emt 00:00:31]} 34. Qf2 {[%clk 00:13:50]} {[%emt 00:01:59]}
Bc3 {[%clk 00:08:28]} {[%emt 00:01:18]} 35. Rc1 {[%clk 00:13:12]} {[%emt
00:01:05]} Be5 {[%clk 00:08:08]} {[%emt 00:00:52]} 36. Ba3 {[%clk 00:12:19]}
{[%emt 00:01:24]} Bd4 {[%clk 00:08:04]} {[%emt 00:00:33]} 37. Qc2 {[%clk
00:11:24]} {[%emt 00:01:25]} Be3 {[%clk 00:08:20]} {[%emt 00:00:14]} 38. Rf1
{[%clk 00:10:42]} {[%emt 00:01:13]} g4 {[%clk 00:07:59]} {[%emt 00:00:51]} 39.
Bc1 {[%clk 00:09:03]} {[%emt 00:02:09]} gxh3 {[%clk 00:07:36]} {[%emt
00:00:53]} 40. gxh3 {[%clk 00:07:49]} {[%emt 00:01:44]} e5 {[%clk 00:06:57]}
{[%emt 00:01:09]} 41. Bxe3 {[%clk 00:07:03]} {[%emt 00:01:16]} Qxh3+ {[%clk
00:06:41]} {[%emt 00:00:46]} 42. Kg1 {[%clk 00:04:26]} {[%emt 00:03:06]} Kh7
{[%clk 00:05:44]} {[%emt 00:01:28]} 43. Qc3 {[%clk 00:01:23]} {[%emt 00:03:33]}
Qg3+ {[%clk 00:04:04]} {[%emt 00:02:10]} 44. Kh1 {[%clk 00:01:21]} {[%emt
00:00:27]} Rg8 {[%clk 00:04:09]} {[%emt 00:00:30]} 45. Rg1 {[%clk 00:14:57]}
{[%emt 00:01:54]} Qh3# {[%clk 00:19:30]} {[%emt 00:00:08]} 0-1

[Event "DEM U10w 2024"]
[Site "Willingen GER"]
[Date "2024.05.22"]
[Round "7"]
[White "Ruddat, Maila"]
[Black "Rabus, Luise"]
[Result "1-0"]
[Termination "normal"]
[Board "8"]
[WhiteElo "1522"]
[BlackElo "1090"]
[WhiteClock "00:51:29"]
[BlackClock "00:36:24"]
[PlyCount "133"]
[WhiteFideId "34628100"]
[BlackFideId "34636900"]
[EventCountry "GER"]
[EventRounds "11"]
[EventType "swiss"]
[EventDate "2024.05.18"]

1. e4 {[%clk 01:15:44]} {[%emt 00:00:15]} c6 {[%clk 01:15:54]} {[%emt
00:00:07]} 2. d4 {[%clk 01:16:01]} {[%emt 00:00:13]} d5 {[%clk 01:16:18]}
{[%emt 00:00:06]} 3. exd5 {[%clk 01:16:19]} {[%emt 00:00:12]} cxd5 {[%clk
01:16:41]} {[%emt 00:00:07]} 4. Bd3 {[%clk 01:16:23]} {[%emt 00:00:26]} Nc6
{[%clk 01:16:50]} {[%emt 00:00:20]} 5. c3 {[%clk 01:16:20]} {[%emt 00:00:34]}
Nf6 {[%clk 01:16:43]} {[%emt 00:00:37]} 6. Bf4 {[%clk 01:16:30]} {[%emt
00:00:18]} e6 {[%clk 01:15:31]} {[%emt 00:01:44]} 7. Nf3 {[%clk 01:16:43]}
{[%emt 00:00:18]} Bd6 {[%clk 01:15:49]} {[%emt 00:00:11]} 8. Bxd6 {[%clk
01:16:55]} {[%emt 00:00:17]} Qxd6 {[%clk 01:16:12]} {[%emt 00:00:08]} 9. Nbd2
{[%clk 01:16:39]} {[%emt 00:00:46]} e5 {[%clk 01:15:53]} {[%emt 00:00:50]} 10.
dxe5 {[%clk 01:16:13]} {[%emt 00:00:55]} Nxe5 {[%clk 01:16:11]} {[%emt
00:00:12]} 11. Qe2 {[%clk 01:16:16]} {[%emt 00:00:25]} Nfd7 {[%clk 01:16:04]}
{[%emt 00:00:38]} 12. Nxe5 {[%clk 01:16:02]} {[%emt 00:00:45]} Nxe5 {[%clk
01:16:25]} {[%emt 00:00:10]} 13. f4 {[%clk 01:16:05]} {[%emt 00:00:27]} Bg4
{[%clk 01:15:44]} {[%emt 00:01:11]} 14. Qxe5+ {[%clk 01:16:09]} {[%emt
00:00:26]} Qxe5+ {[%clk 01:15:56]} {[%emt 00:00:18]} 15. fxe5 {[%clk 01:16:24]}
{[%emt 00:00:15]} Rb8 {[%clk 01:12:51]} {[%emt 00:03:34]} 16. Bb5+ {[%clk
01:16:17]} {[%emt 00:00:36]} Ke7 {[%clk 01:12:34]} {[%emt 00:00:47]} 17. O-O
{[%clk 01:10:49]} {[%emt 00:05:59]} a6 {[%clk 01:12:05]} {[%emt 00:00:59]} 18.
Bd3 {[%clk 01:10:51]} {[%emt 00:00:28]} b5 {[%clk 01:11:27]} {[%emt 00:01:09]}
19. Rf4 {[%clk 01:10:02]} {[%emt 00:01:18]} Be6 {[%clk 01:11:38]} {[%emt
00:00:19]} 20. a4 {[%clk 01:10:06]} {[%emt 00:00:27]} Bd7 {[%clk 01:11:06]}
{[%emt 00:01:02]} 21. axb5 {[%clk 01:08:18]} {[%emt 00:02:17]} axb5 {[%clk
01:10:16]} {[%emt 00:01:21]} 22. Ra5 {[%clk 01:07:22]} {[%emt 00:01:26]} Rb7
{[%clk 01:09:14]} {[%emt 00:01:31]} 23. Rb4 {[%clk 01:07:25]} {[%emt 00:00:27]}
Rhb8 {[%clk 01:09:19]} {[%emt 00:00:26]} 24. Bxh7 {[%clk 01:07:26]} {[%emt
00:00:29]} g6 {[%clk 01:09:35]} {[%emt 00:00:14]} 25. Rh4 {[%clk 01:07:22]}
{[%emt 00:00:33]} Rh8 {[%clk 01:09:07]} {[%emt 00:01:00]} 26. Rh6 {[%clk
01:06:38]} {[%emt 00:01:10]} Kf8 {[%clk 01:09:12]} {[%emt 00:00:29]} 27. Ra8+
{[%clk 01:06:36]} {[%emt 00:00:32]} Kg7 {[%clk 01:09:30]} {[%emt 00:00:12]} 28.
Rxh8 {[%clk 01:06:09]} {[%emt 00:00:57]} Kxh8 {[%clk 01:09:43]} {[%emt
00:00:18]} 29. Rh4 {[%clk 01:05:56]} {[%emt 00:00:42]} Kg7 {[%clk 01:08:49]}
{[%emt 00:01:24]} 30. Nb3 {[%clk 01:05:53]} {[%emt 00:00:32]} Rb8 {[%clk
01:08:45]} {[%emt 00:00:35]} 31. Nc5 {[%clk 01:05:50]} {[%emt 00:00:33]} Bf5
{[%clk 01:08:30]} {[%emt 00:00:45]} 32. g4 {[%clk 01:05:16]} {[%emt 00:01:03]}
Bc2 {[%clk 01:08:16]} {[%emt 00:00:45]} 33. Nd7 {[%clk 01:04:49]} {[%emt
00:00:57]} Rh8 {[%clk 01:06:15]} {[%emt 00:02:30]} 34. Nf6 {[%clk 01:04:46]}
{[%emt 00:00:33]} b4 {[%clk 00:56:52]} {[%emt 00:09:55]} 35. Nxd5 {[%clk
01:04:24]} {[%emt 00:00:52]} b3 {[%clk 00:55:53]} {[%emt 00:01:29]} 36. Nf6
{[%clk 01:04:25]} {[%emt 00:00:28]} Ra8 {[%clk 00:52:57]} {[%emt 00:03:26]} 37.
Bxg6 {[%clk 01:02:11]} {[%emt 00:02:44]} Kxg6 {[%clk 00:52:22]} {[%emt
00:01:05]} 38. g5 {[%clk 01:01:49]} {[%emt 00:00:52]} Ra1+ {[%clk 00:51:35]}
{[%emt 00:01:17]} 39. Kf2 {[%clk 01:01:12]} {[%emt 00:01:05]} Ra2 {[%clk
00:50:39]} {[%emt 00:01:29]} 40. Ne4 {[%clk 00:59:03]} {[%emt 00:02:37]} Rxb2
{[%clk 00:49:10]} {[%emt 00:01:59]} 41. Rh6+ {[%clk 00:54:35]} {[%emt
00:04:57]} Kf5 {[%clk 00:46:33]} {[%emt 00:03:08]} 42. Nd6+ {[%clk 00:53:59]}
{[%emt 00:01:05]} Kxg5 {[%clk 00:46:36]} {[%emt 00:00:27]} 43. Nxf7+ {[%clk
00:54:03]} {[%emt 00:00:27]} Kf5 {[%clk 00:45:37]} {[%emt 00:01:28]} 44. e6
{[%clk 00:53:59]} {[%emt 00:00:36]} Bd3+ {[%clk 00:45:16]} {[%emt 00:00:50]}
45. Kg3 {[%clk 00:53:59]} {[%emt 00:00:29]} Bc4 {[%clk 00:45:15]} {[%emt
00:00:32]} 46. Nd6+ {[%clk 00:54:05]} {[%emt 00:00:24]} Kg5 {[%clk 00:44:47]}
{[%emt 00:00:58]} 47. Nxc4 {[%clk 00:54:09]} {[%emt 00:00:26]} Rc2 {[%clk
00:43:41]} {[%emt 00:01:36]} 48. e7 {[%clk 00:53:54]} {[%emt 00:00:45]} Re2
{[%clk 00:42:29]} {[%emt 00:01:43]} 49. Rb6 {[%clk 00:53:15]} {[%emt 00:01:09]}
Kh5 {[%clk 00:39:31]} {[%emt 00:03:28]} 50. Rxb3 {[%clk 00:50:57]} {[%emt
00:02:48]} Kg6 {[%clk 00:39:40]} {[%emt 00:00:21]} 51. Nd6 {[%clk 00:50:44]}
{[%emt 00:00:41]} Rxe7 {[%clk 00:39:39]} {[%emt 00:00:32]} 52. c4 {[%clk
00:50:30]} {[%emt 00:00:45]} Rd7 {[%clk 00:38:59]} {[%emt 00:01:11]} 53. c5
{[%clk 00:50:17]} {[%emt 00:00:43]} Rc7 {[%clk 00:39:16]} {[%emt 00:00:13]} 54.
Rc3 {[%clk 00:50:04]} {[%emt 00:00:42]} Kf6 {[%clk 00:37:24]} {[%emt 00:02:22]}
55. Ne8+ {[%clk 00:50:24]} {[%emt 00:00:11]} Ke7 {[%clk 00:37:36]} {[%emt
00:00:18]} 56. Nxc7 {[%clk 00:50:43]} {[%emt 00:00:10]} Kd7 {[%clk 00:37:29]}
{[%emt 00:00:38]} 57. h4 {[%clk 00:51:05]} {[%emt 00:00:08]} Ke7 {[%clk
00:37:28]} {[%emt 00:00:31]} 58. h5 {[%clk 00:51:24]} {[%emt 00:00:11]} Kf7
{[%clk 00:37:52]} {[%emt 00:00:06]} 59. c6 {[%clk 00:51:43]} {[%emt 00:00:12]}
Ke7 {[%clk 00:37:40]} {[%emt 00:00:41]} 60. h6 {[%clk 00:52:01]} {[%emt
00:00:13]} Kf6 {[%clk 00:37:01]} {[%emt 00:01:08]} 61. Ne8+ {[%clk 00:52:14]}
{[%emt 00:00:18]} Kf7 {[%clk 00:37:06]} {[%emt 00:00:25]} 62. h7 {[%clk
00:52:09]} {[%emt 00:00:35]} Kxe8 {[%clk 00:37:21]} {[%emt 00:00:13]} 63. h8=Q+
{[%clk 00:51:02]} {[%emt 00:01:37]} Ke7 {[%clk 00:37:25]} {[%emt 00:00:27]} 64.
Qh6 {[%clk 00:51:08]} {[%emt 00:00:24]} Kf7 {[%clk 00:37:15]} {[%emt 00:00:40]}
65. Rb3 {[%clk 00:51:12]} {[%emt 00:00:26]} Ke7 {[%clk 00:36:26]} {[%emt
00:01:19]} 66. Rb7+ {[%clk 00:51:29]} {[%emt 00:00:13]} Kd8 {[%clk 00:36:24]}
{[%emt 00:02:17]} 67. Qf8# {[%emt 00:00:46]} 1-0

[Event "DEM U10w 2024"]
[Site "Willingen GER"]
[Date "2024.05.22"]
[Round "7"]
[White "Bashirova, Sona"]
[Black "Preißler, Enie"]
[Result "0-1"]
[Termination "normal"]
[Board "9"]
[WhiteElo "1608"]
[BlackElo "1019"]
[WhiteClock "00:22:14"]
[BlackClock "00:09:39"]
[PlyCount "72"]
[WhiteFideId "34664033"]
[EventCountry "GER"]
[EventRounds "11"]
[EventType "swiss"]
[EventDate "2024.05.18"]

1. e4 {[%clk 01:15:58]} {[%emt 00:00:01]} c5 {[%clk 01:15:48]} {[%emt
00:00:12]} 2. c3 {[%clk 01:16:22]} {[%emt 00:00:06]} e6 {[%clk 01:11:55]}
{[%emt 00:04:23]} 3. d4 {[%clk 01:16:25]} {[%emt 00:00:27]} cxd4 {[%clk
01:11:23]} {[%emt 00:01:02]} 4. cxd4 {[%clk 01:16:48]} {[%emt 00:00:07]} Ne7
{[%clk 01:05:05]} {[%emt 00:06:48]} 5. f4 {[%clk 01:12:40]} {[%emt 00:04:38]}
d6 {[%clk 01:02:32]} {[%emt 00:03:04]} 6. Nf3 {[%clk 01:12:56]} {[%emt
00:00:14]} Nd7 {[%clk 01:01:18]} {[%emt 00:01:43]} 7. Bd3 {[%clk 01:09:35]}
{[%emt 00:03:51]} g6 {[%clk 00:59:24]} {[%emt 00:02:24]} 8. Nc3 {[%clk
01:09:41]} {[%emt 00:00:24]} Bg7 {[%clk 00:57:59]} {[%emt 00:01:54]} 9. Be3
{[%clk 01:09:20]} {[%emt 00:00:52]} O-O {[%clk 00:54:17]} {[%emt 00:04:13]} 10.
O-O {[%clk 01:08:37]} {[%emt 00:01:13]} b6 {[%clk 00:52:01]} {[%emt 00:02:46]}
11. Nb5 {[%clk 01:03:22]} {[%emt 00:05:45]} d5 {[%clk 00:49:23]} {[%emt
00:03:08]} 12. e5 {[%clk 01:03:20]} {[%emt 00:00:32]} Nf5 {[%clk 00:48:10]}
{[%emt 00:01:43]} 13. Bxf5 {[%clk 01:02:48]} {[%emt 00:01:03]} exf5 {[%clk
00:48:26]} {[%emt 00:00:13]} 14. Nd6 {[%clk 01:03:14]} {[%emt 00:00:04]} a6
{[%clk 00:43:29]} {[%emt 00:05:27]} 15. Qb3 {[%clk 01:00:46]} {[%emt 00:02:58]}
b5 {[%clk 00:40:08]} {[%emt 00:03:52]} 16. Qxd5 {[%clk 00:59:23]} {[%emt
00:01:51]} Nb6 {[%clk 00:38:59]} {[%emt 00:01:41]} 17. Qb3 {[%clk 00:58:13]}
{[%emt 00:01:40]} Ra7 {[%clk 00:33:36]} {[%emt 00:05:53]} 18. d5 {[%clk
00:57:05]} {[%emt 00:01:38]} Bb7 {[%clk 00:30:36]} {[%emt 00:03:30]} 19. Rfd1
{[%clk 00:55:08]} {[%emt 00:02:27]} Ba8 {[%clk 00:15:56]} {[%emt 00:15:11]} 20.
Rac1 {[%clk 00:47:31]} {[%emt 00:08:07]} Rd7 {[%clk 00:12:29]} {[%emt
00:03:56]} 21. Bxb6 {[%clk 00:46:16]} {[%emt 00:01:45]} Qxb6+ {[%clk 00:12:22]}
{[%emt 00:00:36]} 22. Kh1 {[%clk 00:46:17]} {[%emt 00:00:30]} Bh6 {[%clk
00:11:10]} {[%emt 00:01:41]} 23. g3 {[%clk 00:44:41]} {[%emt 00:02:06]} Rfd8
{[%clk 00:09:38]} {[%emt 00:02:02]} 24. Rc2 {[%clk 00:43:19]} {[%emt 00:01:53]}
a5 {[%clk 00:09:19]} {[%emt 00:00:49]} 25. Rdc1 {[%clk 00:41:53]} {[%emt
00:01:55]} Bb7 {[%clk 00:09:09]} {[%emt 00:00:41]} 26. Rc5 {[%clk 00:38:10]}
{[%emt 00:04:13]} Ba6 {[%clk 00:09:00]} {[%emt 00:00:39]} 27. Rc6 {[%clk
00:35:45]} {[%emt 00:02:55]} Qa7 {[%clk 00:08:58]} {[%emt 00:00:32]} 28. Qa3
{[%clk 00:32:34]} {[%emt 00:03:41]} b4 {[%clk 00:09:00]} {[%emt 00:00:28]} 29.
Qxa5 {[%clk 00:32:36]} {[%emt 00:00:28]} Ra8 {[%clk 00:07:57]} {[%emt
00:01:33]} 30. Rc7 {[%clk 00:31:14]} {[%emt 00:01:52]} Rxc7 {[%clk 00:08:09]}
{[%emt 00:00:18]} 31. Rxc7 {[%clk 00:31:12]} {[%emt 00:00:32]} Qf2 {[%clk
00:08:01]} {[%emt 00:00:38]} 32. Ng1 {[%clk 00:29:28]} {[%emt 00:02:14]} Bf1
{[%clk 00:08:02]} {[%emt 00:00:29]} 33. Qxa8+ {[%clk 00:29:37]} {[%emt
00:00:22]} Bf8 {[%clk 00:08:24]} {[%emt 00:00:08]} 34. Qxf8+ {[%clk 00:22:25]}
{[%emt 00:07:41]} Kxf8 {[%clk 00:08:49]} {[%emt 00:00:06]} 35. Rc8+ {[%clk
00:22:38]} {[%emt 00:00:18]} Kg7 {[%clk 00:09:16]} {[%emt 00:00:03]} 36. Ne8+
{[%clk 00:22:14]} {[%emt 00:00:53]} Kh6 {[%clk 00:09:39]} {[%emt 00:00:07]} 0-1